01013nam a2200241 a 450000100060000000300090000600800410001502000180005604000280007404100080010208200160011011001000012624501120022625000110033826000320034930000110038149000160039250001660040865000530057465000520062765000400067965000520071925786CO-ViMGA141112s2004 ck r 000 u spa d a9789587583465 aCO-ViMGAbspacCO-ViMGA aSPA04a364.151 C65 aComisión Nacional de Reparación y Reconciliación (Colombia). Grupo de Memoria Histórica10aSilenciar la democracia : blas masacres de Remedios y Segovia 1982 - 1997 / cGrupo de Memoria Histórica a1a ed. aBogotá : bTaurus, c2010 a352 p. aPensamiento aIncluye índice de ilustraciones y Anexo : listado parcial de víctimas de asesinato selectivo por violencia política Alto Nordeste Antioqueño, 1982 - 199714aMASACRE DE REMEDIOS (ANTIOQUIA, COLOMBIA), 1997 14aMASACRES - SEGOVIA (ANTIOQUIA, COLOMBIA), 1996 14aVICTIMAS DE LA VIOLENCIA - COLOMBIA14aVIOLENCIA - ANTIOQUIA (COLOMBIA) - 1982 - 1997